000
00287nam a22001337a 4500
008
170208b xxu||||| |||| 00| 0 eng d
020
_a
0397504950
041
_a
eng
080
_a
61
100
_a
4
101
_a
SHM
245
_a
PSYCHIATRIC EMERGENCIES
_c
WALKER, J.I
942
_2
udc
_c
BK
999
_c
4910
_d
4910